000 00326 a2200157 4500
001 166397
020 _a
040 _cMagnum
100 _aMurgel Branco, Samuel
240 1 0 _aCarolina e o vento
_lpor
245 1 0 _aCarolina e o vento
362 0 _a1899
440 1 _aModerna
697 _aIJ/PARADIDATICO
942 _cBK
999 _c166397
_d166397